Pokémon par nom de catégorie (M-Z) - Statistiques

Statistiques générales
  • Ce quiz a été pris 64 fois
  • Le résultat moyen est 7 sur 20
Statistiques - réponses
Catégorie Pokémon % Correct
Psy Abra/Kadabra/Alakazam
100%
Papipoison Aéromite/Papinox
100%
Ruche Apireine
100%
Tornade Boréas
100%
Tortue Boum Boumata
100%
Tortue Carabaffe
100%
Sauvapigeon Colombeau
100%
Nébuleuse Cosmog
100%
Volonté Créfadet
100%
Vachalait Écrémeuh
100%
Porsinge Férosinge/Colossinge
100%
Singe Herbe Feuillajou
100%
Renard Goupix/Feunard/Feunnec/Roussil/Goupelin/Goupilou/Roublenard
100%
Souris Feu Héricendre
100%
Piégeur Kraknoix
100%
Mélodie Meloetta
100%
Morphing Métamorph
100%
Météore Météno
100%
Nouveau Mew
100%
Mime Mime Jr.
100%
Moufette Moufouette/Moufflair
100%
Minirondel Nirondelle
100%
Patibulaire Pandarbare
100%
Poisson Poissirène/Poissoroy/Magicarpe/Loupio/Axoloto/Maraiste/Barpau
100%
Virtuel Porygon/Porygon2/Porygon-Z
100%
Poussin Poussifeu
100%
Têtard Ptitard/Têtarte/Tartard/Tritonde
100%
Peintre Queulorior
100%
Souris Rattata/Rattatac/Pikachu/Raichu/Sabelette/Sablaireau
100%
Minioiseau Roucool/Piafabec/Natu/Minisange
100%
Punk Salarsen
100%
Scarabée Scarabrute/Lucanon
100%
Scorpivol Scorplane
100%
Panda Tache Spinda
100%
Mini Ours Teddiursa
100%
Trousseau Trousselin
100%
Oiseaucoton Tylton
100%
Multigénome Type:0/Silvallié
100%
Vostour Vaututrice
100%
Simulalgue Venalgue/Kravarech
100%
Victoire Victini
100%
Vilain Singe Zarude
100%
Toxilézard Tritox/Malamandre
80%
Plumeflèche Archéduc
75%
Pâtéd'Sable Bacabouh
75%
Terrequin Griknot
75%
Vapeur Volcanion
75%
Oiseaudo Bekipan/Couaneton
67%
Porc Cochignon
67%
Noirtotal Darkrai
67%
Rénégat Giratina
67%
Tressefleur Guérilande
67%
Œuf Noeunoeuf/Leveinard
67%
Scorpion Rapion
67%
Saison Vivaldaim/Haydaim
67%
Oursin Wattapik
67%
Serpent Abo/Insolourdo
50%
Sac Poison Avaltout
50%
Plumefeuille Brindibou
50%
Mégaplopode Brutapode
50%
Pachycuivre Charibari/Pachyradjah
50%
Ver Chenipan/Chenipotte/Frissonille
50%
Parfum Cocotine
50%
Temps Dialga
50%
Troiseau Dodrio
50%
Serpensable Dunaja/Dunaconda
50%
Peaupierre Embrylex
50%
Vil Catcheur Félinferno
50%
Poulet Galifeu
50%
Poissonboue Gobou/Flobio/Laggron
50%
Pissenlit Granivol/Floravol/Cotovol
50%
Soleil Héliatronc/Mentali/Pyrax
50%
Maternel Kangourex
50%
Magique Magirêve
50%
Majestueux Majaspic
50%
Sac Poubelle Miamiasme
50%
Souterrain Minotaupe
50%
Mangerêve Munna
50%
Spatial Palkia
50%
Papillon Papilusion/Charmillon
50%
Tyran Rexillius
50%
Thé Noir Théffroi/Polthégeist
50%
Nid Pomme Verpom
50%
Serpenterbe Vipélierre/Lianaja
50%
Miniabeille Apitrini
33%
Mite Givre Beldeneige
33%
Proto-Étoile Cosmovum
33%
Titanesque Grolem
33%
Mante Insécateur
33%
Serpenroc Onix
33%
Minisouris Pichu
33%
Rebond Spoink
33%
Vif Éclair Zeraora
33%
Petit Raton Zigzaton
33%
Tortantique Carapagos/Mégapagos
25%
Transport Lokhlass
25%
Malin Pifeuil/Grimalin
25%
Pic Rocheux Regirock
25%
Supersonic Carchacrok
20%
Tamanoir Aflamanoir
0%
Virevolteur Altaria
0%
Muraille Ama-Ama
0%
Toundra Amagara/Dragmara
0%
Spirale Amonita/Amonistar
0%
Maresurfeur Arakdo
0%
Oisancien Arkéapti/Aéroptéryx
0%
Sept Points Astronelle
0%
Point Polka Azurill
0%
Percussions Badabouin
0%
Mue Baggiguane
0%
Poupargile Balbuto/Kaorine
0%
Violent Bargantua/Diamat
0%
Viking Berserkatt
0%
Marionnette Branette
0%
Souche Brocélôme
0%
Monture Cabriolaine/Chevroum
0%
Minitortue Carapuce
0%
Pourri Caratroc
0%
Temporel Celebi
0%
Maxi Corne Cerfrousse
0%
Scélérat Chacripan/Fourbelin
0%
Serein Chapotus
0%
Radôme Coléodôme
0%
Obscurité Cornèbre/Ténéfix
0%
Toxique Cradopaud/Coatox
0%
Savoir Créhelf
0%
Similoiseau Cryptéro
0%
Mousseline Cupcanaille
0%
Vieillarbre Desséliande
0%
Mégalithe Dolman
0%
Tête de Roc Draby
0%
Nonchalant Draïeul
0%
Scorpogre Drascore
0%
Poisson Ailé Écayon
0%
Ombre Ectoplasma
0%
Plum'acérée Efflèche
0%
Pteromys Emolga
0%
Rapace Étouraptor
0%
Noble Lame Exagide
0%
Vole Vent Farfaduvet
0%
Strident Feuforêve
0%
Singépine Feuiloutan
0%
Volcan Feurisson/Typhlosion/Entei
0%
Uniflore Flabébé/Floette
0%
Symbiose Flagadoss
0%
Minipoisson Froussardine
0%
Paléozoïque Genesect
0%
Minerai Géolithe
0%
Surpression Gigalithe
0%
Poudreuse Givrali/Sorbébé
0%
Mouette Goélise
0%
Magouilleur Groret/Mesmérella
0%
Vaillant Guériaigle
0%
Transperceur Hastacuda
0%
Poids Lourd Hippodocus
0%
Souhait Jirachi
0%
Mâchoire Kaiminus/Crocrodil/Aligatueur
0%
Poirier Kapoera
0%
Multicolor Kecleon
0%
Poulain Keldeo
0%
Souridodue Keunotor
0%
Mordillage Khélocrok
0%
Pince Krabboss/Cizayox
0%
Terrifiant Léviator
0%
Piège Limonde
0%
Rendezvous Lovdisc
0%
Plongeon Lugia
0%
Néon Luminéon
0%
Magnétique Magnéti/Magnéton
0%
Tenace Makuhita
0%
Sombre Malosse/Démolosse
0%
Soigneur Mamanbo
0%
Voyagenmer Manaphy
0%
Patrouille Manglouton
0%
Précepteur Manternel
0%
Ombrefuge Marshadow
0%
Magnanime Mastouffe
0%
Morsure Medhyèna/Grahyèna/Torgamord
0%
Méditation Méditikka/Charmina
0%
Pattefer Métalosse
0%
Pincefer Métang
0%
Tendre Milobellus
0%
Vermine Mimitos
0%
Vigilant Miradar
0%
SelfContrôle Mistigrix
0%
Volt Face Morpeko
0%
Plasma Motisma
0%
Mouton Moumouton/Moumouflon
0%
Rêveur Mushana/Dodoala
0%
Trompeur Mysdibule
0%
Racine Mystherbe/Ortide/Chlorobule
0%
Prisme Necrozma
0%
Perceur Nidoqueen/Nidoking/Rhinoféros/Rhinastoc
0%
Vénépic Nidoran ♀/Nidorina/Nidoran ♂/Nidorino/Vémini/Mandrillon
0%
Ninja Ninjask/Amphinobi
0%
Mainpince Noctunoir
0%
Manteau Nodulithe
0%
Ravi Okéoké
0%
Soliste Oratoria
0%
Solitaire Osselait
0%
Otarie Otaria/Lamantine/Otaquin
0%
Starlette Otarlette
0%
Phalène Papilord
0%
Rougegorge Passerouge
0%
Roule Boule Phogleur
0%
Verdoyant Phyllali
0%
Pivert Picassaut
0%
Note Musique Pijako
0%
Tipigeon Poichigeon
0%
Poupée Polichombr
0%
Ver Caché Pomdepik/Foretress/Cheniti/Cheniselle
0%
Monocorne Ponyta (de Galar)/Galopa (de Galar)
0%
Retenue Psystigri
0%
Maisonjouet Ptiravi
0%
Prince Ptyranidur
0%
Torche Pyronille
0%
Patient Qulbutoké
0%
Roche Racaillou/Gravalanch
0%
Prodigieux Regigigas
0%
Piquant Rhinocorne
0%
Royal Roigada/Némélios
0%
Pionceur Ronfleur
0%
Mer du Sud Rosabyss
0%
Oiseau Roucoups/Roucarnage
0%
Vigne Saquedeneu/Bouldeneu
0%
Tranchant Scalproie
0%
Unicorne Scarhino
0%
Scorpicroc Scorvol
0%
Rotation Sépiatop
0%
Révolution Sépiatroce
0%
Serpacroc Séviper
0%
Varech Sinistrail
0%
Requiem Skélénox
0%
Météorite Solaroc/Séléroc
0%
Rude Solochi
0%
Ondes Sonistrelle/Bruyverne
0%
Silencieux Sorcilence
0%
Mystérieux Staross
0%
Serpenfer Steelix
0%
Maléfique Sulfura (de Galar)
0%
Roi Sylveroy
0%
Multiplié Symbios
0%
Sentiment Tarsal
0%
Taupe Taupiqueur/Triopikeur/Rototaupe
0%
Malveillant Tengalice
0%
Mollusque Tentacool/Tentacruel/Mucuscule/Colimucus
0%
Pingouin Tiplouf/Prinplouf/Bekaglaçon
0%
Roulenboule Togedemaru
0%
Tutélaire Tokorico/Tokopiyon/Tokotoro/Tokopisco
0%
Minifeuille Tortipouss
0%
Poupon Toxizap
0%
Rancune Tutétékri
0%
Puncheur Tygnon
0%
Vibration Vibraninf/Batracné/Crapustule
0%
Turbosinge Vigoroth
0%
Plaine Verte Viridium
0%
Orage Voltali/Dynavolt
0%
Mystique Xatu/Libégon
0%
Translaile Yanma
0%
Valeureux Zacian/Zamazenta
0%
Symbolique Zarbi
0%
Noir Idéal Zekrom
0%
Parasite Zéroïd
0%
Polymorfox Zoroark
0%
Sombrenard Zorua
0%
Aucun quiz correspondant
Distribution des résultats
% des personnes avec chaque résultat
Percentile par nombre de réponses
Votre historique - résultats
Vous n’avez pas pris ce quiz